000 00769nam a2200241 a 4500
001 BRCA_6591
005 20190320205521.0
008 021011s1965----nyua######---#000-0#eng-#
041 _aeng
044 _au
050 4 _aND615
_b.C65 3 1965
100 1 _aGould, Cecil Hilton Monk,
_d1918-1994.
_916450
245 1 0 _aEarly Renaissance
_bFifteenth Century Italian Painting
_cby C. H. M. Gould.
260 _aE. U. A.
_bMcGraw-Hill
_cc1965
300 _a47 p.
_bil.
_c25 cm.
_e24 diapositivas.
440 0 _aColor Slide Program of the World´s Art
_v3
_916451
500 _aDonación Dra. Elsa Barberena
650 1 4 _aRenacimiento
_xArte
_zItalia
_916452
650 1 4 _aPintura italiana
_910312
650 1 4 _aPintura
_xDiapositivas
_916453
902 _aDEB
942 _2lcc
_cB
999 _c6275
_d6275